| 000 | 00842nam a2200277 a 4500 | ||
|---|---|---|---|
| 005 | 20200104041527.0 | ||
| 008 | 140304b1999 ck |||||rm||| 00| 0 spa d | ||
| 040 |
_aCO-BoIAVH _cCO-BoIAVH |
||
| 041 | _aspa | ||
| 044 | _ack | ||
| 090 |
_aTE _b0102 |
||
| 100 | _aVarela Ramírez, Amanda | ||
| 245 |
_aNuevo enfoque para el control de plagas _bintegración ecológica y agronómica en monocultivos y policultivos de café |
||
| 260 |
_aBogotá _bPontificia Universidad Javeriana _c1999 |
||
| 300 | _a51 p. | ||
| 650 | _aControl biológico | ||
| 650 | _aPlagas | ||
| 650 | _aInteracción ecológica | ||
| 650 | _aAgricultura | ||
| 650 | _aMonocultivo | ||
| 650 | _aPolicultivo | ||
| 650 | _aCafé | ||
| 650 | _aAgroecosistemas | ||
| 662 | _aColombia | ||
| 942 |
_cTESIS _2z |
||
| 999 |
_c2060 _d2060 |
||